000 00377nam a22001577a 4500
003 macl
005 20190903172006.0
008 180920b xxu||||| |||| 00| 0 eng d
040 _cmacl
082 _a200
100 _aPanda ,R. K.
_972897
245 _aHinduism in india
260 _aDelhi
_bBharatiya kala prakasan
_c2014
650 _aReligioh
_972898
942 _2ddc
_cBK
999 _c58320
_d58320